[Event "Challenge"]
[Site "http://www.queenalice.com/game.php?id=1150968"]
[Date "2013.2.11"]
[Round "-"]
[White "Shizumaru_Hisame"]
[Black "lolo"]
[Result "0-1"]
[WhiteElo "1826"]
[BlackElo "1853"]

1. e4 e5 2. Nf3 Nc6 3. Bc4 Bc5 4. O-O Nf6 5. Ng5 O-O 6. Bxf7+ Rxf7 7. Nxf7 Kxf7
8. d3 d5 9. exd5 Bg4 10. Qe1 Nd4 11. Qc3 Ne2+ 12. Kh1 Nxc3 13. Nxc3 Nxd5 14. Ne4
Bb6 15. h3 Bf5 16. Ng5+ Kg6 17. h4 h6 18. Nf3 e4 19. Ne1 Qxh4+ 20. Kg1 Re8 21.
g3 Qxg3+ 22. Ng2 Bh3 23. Be3 Qxg2# 0-1

[Event "Challenge"]
[Site "http://www.queenalice.com/game.php?id=1151019"]
[Date "2013.2.11"]
[Round "-"]
[White "pokemon"]
[Black "lolo"]
[Result "1/2-1/2"]
[WhiteElo "1793"]
[BlackElo "1855"]

1. d4 Nf6 2. Nf3 e6 3. e3 b6 4. Nbd2 Bb7 5. c3 d5 6. Bd3 Nbd7 7. c4 a5 8. cxd5
Nxd5 9. Be4 Bd6 10. a3 O-O 11. Nc4 f5 12. Bc2 N7f6 13. Nxd6 cxd6 14. Ba4 Qe7 15.
Bd2 Ne4 16. Rc1 Rac8 17. Rxc8 Rxc8 18. O-O Ba6 19. Re1 Qc7 20. Qb1 h6 21. Rc1
Nxd2 22. Rxc7 Nxb1 23. Rxc8+ Bxc8 24. Bc2 Nbc3 25. bxc3 Nxc3 26. Kf1 Kf7 27. Ke1
Kf6 28. Kd2 Ne4+ 29. Bxe4 fxe4 30. Ne1 Kf5 31. Nc2 Bd7 32. Na1 Ba4 33. Kc3 b5
1/2-1/2

[Event "Challenge"]
[Site "http://www.queenalice.com/game.php?id=1151858"]
[Date "2013.2.14"]
[Round "-"]
[White "JailtonMaster"]
[Black "lolo"]
[Result "0-1"]
[WhiteElo "1935"]
[BlackElo "1836"]

1. e4 e5 2. Nf3 Nc6 3. Bb5 Nf6 4. O-O Nxe4 5. Nxe5 Nxe5 6. Re1 f5 7. d3 a6 8.
Ba4 Bb4 9. c3 Nxd3 10. Qxd3 Bc5 11. Be3 Bxe3 12. Rxe3 O-O 13. Na3 d5 14. Rae1 c6
15. f3 f4 16. R3e2 Qb6+ 17. Kf1 Nc5 18. Qc2 Bf5 19. Qd1 Nd3 20. Rd2 Nxe1 21.
Qxe1 Rfe8 22. Qd1 Re5 0-1

[Event "Challenge"]
[Site "http://www.queenalice.com/game.php?id=1151861"]
[Date "2013.2.14"]
[Round "-"]
[White "JailtonMaster"]
[Black "lolo"]
[Result "1/2-1/2"]
[WhiteElo "2011"]
[BlackElo "1882"]

1. e4 e5 2. Nf3 Nc6 3. d4 exd4 4. Nxd4 Bc5 5. Nxc6 bxc6 6. Bc4 Qh4 7. O-O Nf6 8.
Nd2 Ng4 9. Nf3 Bxf2+ 10. Kh1 Qh5 11. Qe2 Bc5 12. h3 Nf6 13. Be3 O-O 14. e5 Ne4
15. Kh2 d5 16. Bxc5 Nxc5 17. Bd3 Bd7 18. b4 Nxd3 19. Qxd3 Rfe8 20. c4 Be6 21. c5
a5 22. a3 Bg4 23. Nd4 Qxe5+ 24. Kh1 Be2 25. Nxe2 Qxe2 26. Qf5 f6 27. Rae1 Qxe1
28. Rxe1 Rxe1+ 29. Kh2 axb4 30. axb4 Re4 31. Qd7 Rxb4 32. Qxc6 Rbb8 33. Qxc7 d4
34. Qg3 Rc8 35. Qb3+ Kh8 36. Qc4 d3 37. Qxd3 Rxc5 38. Qd6 Rac8 39. Qe7 1/2-1/2

[Event "Challenge"]
[Site "http://www.queenalice.com/game.php?id=1151953"]
[Date "2013.2.14"]
[Round "-"]
[White "uassirr"]
[Black "lolo"]
[Result "0-1"]
[WhiteElo "1824"]
[BlackElo "1868"]

1. e4 e5 2. Nf3 Nc6 3. Bb5 a6 4. Ba4 Nf6 5. d3 Bc5 6. O-O O-O 7. c3 b5 8. Bc2
Qe7 9. Bg5 h6 10. Bh4 Bb7 11. d4 exd4 12. cxd4 g5 13. Nxg5 hxg5 14. Bxg5 Nxd4
15. Bxf6 Qxf6 16. Qg4+ Qg7 17. Qxg7+ Kxg7 18. Bd3 Rh8 19. Nc3 Rh5 20. Nd5 Bxd5
21. exd5 Rxd5 22. Be4 Ne2+ 23. Kh1 Nf4 24. Bxd5 Nxd5 25. Rad1 c6 26. h3 Re8 27.
Rxd5 cxd5 28. g4 Re2 0-1

[Event "Challenge"]
[Site "http://www.queenalice.com/game.php?id=1151954"]
[Date "2013.2.14"]
[Round "-"]
[White "uassirr"]
[Black "lolo"]
[Result "1-0"]
[WhiteElo "1805"]
[BlackElo "1874"]

1. e4 e5 2. Nf3 Nc6 3. d4 exd4 4. Nxd4 Bc5 5. c3 Qh4 6. Be2 Nf6 7. O-O Nxe4 8.
Bf3 d5 9. Be3 Bd6 10. g3 Qe7 11. Bg2 O-O 12. Nd2 Nxd4 13. Bxd4 Bf5 14. Nxe4 Bxe4
15. Re1 c5 16. Be3 c4 17. Bd4 Qd7 18. Bxe4 dxe4 19. Rxe4 Rae8 20. Rg4 Re1+ 21.
Qxe1 Qxg4 22. Bxa7 Ra8 23. Bd4 h6 24. b3 1-0

[Event "Challenge"]
[Site "http://www.queenalice.com/game.php?id=1152281"]
[Date "2013.2.15"]
[Round "-"]
[White "lolo"]
[Black "Andrei_78"]
[Result "1-0"]
[WhiteElo "1939"]
[BlackElo "1807"]

1. e4 e5 2. Nf3 d6 3. d4 h6 4. dxe5 a6 5. Nc3 Be7 6. Bc4 b5 7. Bxf7+ Kxf7 8.
Qd5+ Be6 9. Qxa8 d5 10. exd5 Bg4 11. e6+ Ke8 12. Ne5 Bh5 13. g4 Bxg4 14. Nxg4
Bd6 15. Be3 Ne7 16. O-O-O b4 17. Ne4 Kf8 18. Bc5 Bxc5 19. Nxc5 Nxd5 20. Nxa6 Ke7
21. Rxd5 Nxa6 22. Rxd8 Rxd8 23. Qxa6 Rd6 24. Qxd6+ cxd6 25. Re1 h5 26. Nh6 gxh6
27. c3 bxc3 28. bxc3 h4 29. Kb2 d5 30. Kb3 h5 31. a4 h3 32. c4 d4 33. a5 d3 34.
Kc3 d2 35. Kxd2 h4 36. a6 1-0

[Event "Challenge"]
[Site "http://www.queenalice.com/game.php?id=1156610"]
[Date "2013.3.1"]
[Round "-"]
[White "iliov2008"]
[Black "lolo"]
[Result "0-1"]
[WhiteElo "1534"]
[BlackElo "1928"]

1. e4 e5 2. Bc4 Nf6 3. Nf3 Nxe4 4. Nxe5 d5 5. Bb3 Qg5 6. Qf3 Qxe5 7. Ba4+ Bd7 8.
Bxd7+ Nxd7 9. c3 Ng3+ 10. Qe3 Qxe3+ 11. fxe3 Nxh1 12. d4 O-O-O 13. Ke2 Bd6 14.
g3 f5 15. Bd2 g5 16. Na3 Nxg3+ 17. hxg3 Bxg3 18. Rg1 f4 19. exf4 gxf4 20. Nb5
Kb8 21. Kf3 Rdf8 22. Bxf4 Bxf4 23. Rg4 Bc1+ 24. Kg3 Rhg8 25. Rxg8 Rxg8+ 26. Kf3
Bxb2 27. Ke3 Rg3+ 28. Kf2 Rd3 29. Ke2 Rh3 30. Kd2 h5 31. a4 Bxc3+ 32. Nxc3 Rxc3
33. Kxc3 h4 34. Kd2 h3 0-1

[Event "Challenge"]
[Site "http://www.queenalice.com/game.php?id=1157624"]
[Date "2013.3.4"]
[Round "-"]
[White "lolo"]
[Black "Eggchaser"]
[Result "1-0"]
[WhiteElo "1915"]
[BlackElo "1834"]

1. e4 d6 2. d4 Nf6 3. Nc3 g6 4. Be3 Bg7 5. Qd2 Nbd7 6. O-O-O a6 7. Kb1 b5 8. Nf3
b4 9. Nd5 Nxe4 10. Qxb4 O-O 11. Be2 c6 12. Nc3 Rb8 13. Qa3 Nxc3+ 14. Qxc3 c5 15.
h4 Qb6 16. b3 Qb4 17. Bd2 Qxc3 18. Bxc3 Nb6 19. Rhe1 Na4 20. Ba5 Bg4 21. c3 Bxf3
22. Bxf3 cxd4 23. cxd4 Rb5 24. Bd2 Bxd4 25. Bc6 Nc3+ 26. Bxc3 Bxc3 27. Rxe7 Rc5
28. Rxd6 Bb4 29. Rc7 Rf5 30. Rdd7 Rxf2 31. Bf3 a5 32. Rc2 Rf1+ 33. Kb2 Re1 34.
Rcc7 Re5 35. a3 Be1 36. h5 Rxh5 37. Bxh5 1-0

[Event "Challenge"]
[Site "http://www.queenalice.com/game.php?id=1157625"]
[Date "2013.3.4"]
[Round "-"]
[White "Eggchaser"]
[Black "lolo"]
[Result "0-1"]
[WhiteElo "1868"]
[BlackElo "1900"]

1. Nf3 c5 2. e4 Nc6 3. d4 cxd4 4. Nxd4 Nf6 5. Nc3 d6 6. Bc4 Qb6 7. Nb3 e6 8. Be3
Qc7 9. f4 a6 10. Bd3 Be7 11. O-O O-O 12. Qf3 h5 13. h3 b6 14. Rae1 Bb7 15. Qf2
b5 16. a3 Nd7 17. Qe2 h4 18. f5 Nce5 19. fxe6 fxe6 20. Nd4 Nc5 21. b4 Ncxd3 0-1

[Event "Challenge"]
[Site "http://www.queenalice.com/game.php?id=1159206"]
[Date "2013.3.8"]
[Round "-"]
[White "lolo"]
[Black "Andrei_78"]
[Result "1-0"]
[WhiteElo "1905"]
[BlackElo "1779"]

1. e4 e5 2. Nf3 d6 3. d4 exd4 4. Qxd4 Nc6 5. Bb5 Bd7 6. Bxc6 Bxc6 7. Nc3 Ne7 8.
O-O h6 9. Bd2 Qd7 10. Rfe1 Qg4 11. Qe3 Ng6 12. h3 Qd7 13. a4 Be7 14. b4 O-O 15.
b5 Ne5 16. Nxe5 Qe8 17. Nxc6 bxc6 18. bxc6 Qxc6 19. Qg3 g5 20. Nd5 Qxc2 21.
Nxe7+ Kh7 22. Bxg5 Qc5 23. Be3 Qe5 24. Qxe5 dxe5 25. Rec1 Rfe8 26. Nf5 Rac8 27.
Nxh6 Re7 28. Nf5 Rd7 29. Bxa7 c5 30. Bxc5 f6 31. a5 Ra8 32. a6 Kg6 33. a7 Kg5
34. Bd6 Kf4 35. f3 Rdxa7 36. Rxa7 Rxa7 37. Rc7 Ra1+ 38. Kh2 Ra8 39. Rf7 Rg8 40.
Rxf6 Rc8 41. Ng3+ Ke3 42. Bxe5 Kd3 43. h4 Rc5 44. Bf4 Rc4 45. h5 Rc7 46. h6 Rh7
47. Nh5 Ke2 48. Rg6 Kf2 49. Nf6 Rh8 50. h7 Rf8 51. Rg8 Rxf6 52. h8=Q Rxf4 53.
Qb2+ Ke3 54. Qc1+ 1-0

[Event "Challenge"]
[Site "http://www.queenalice.com/game.php?id=1160641"]
[Date "2013.3.13"]
[Round "-"]
[White "lolo"]
[Black "betofortaleza"]
[Result "1-0"]
[WhiteElo "1946"]
[BlackElo "1917"]

1. e4 e5 2. Nf3 d6 3. d4 exd4 4. Nxd4 Nf6 5. Nc3 a6 6. Be2 d5 7. Bg5 h6 8. Bxf6
Qxf6 9. O-O Bd6 10. Nxd5 Qe5 11. g3 O-O 12. Qd3 c6 13. Nb6 Ra7 14. c3 Bh3 15.
Nc4 Qe7 16. Nf5 Bxf5 17. Nxd6 Rd8 18. Nxf5 Qe8 19. Qf3 b5 20. Qg4 Qe5 21. f4 Qf6
22. e5 h5 23. Qxh5 g6 24. exf6 gxh5 25. Bxh5 Nd7 26. Rad1 Re8 27. Nh6+ Kh7 28.
Nxf7 Rf8 29. Ng5+ Kh6 30. Bg4 Nxf6 31. Bf3 Re7 32. Rfe1 Rxe1+ 33. Rxe1 Kg6 34.
Bxc6 Rd8 35. Ne4 1-0

[Event "Challenge"]
[Site "http://www.queenalice.com/game.php?id=1160644"]
[Date "2013.3.13"]
[Round "-"]
[White "betofortaleza"]
[Black "lolo"]
[Result "0-1"]
[WhiteElo "1933"]
[BlackElo "1930"]

1. e4 e5 2. Nf3 Nc6 3. Bc4 Nf6 4. d3 Be7 5. Ng5 O-O 6. Nxf7 Rxf7 7. Bxf7+ Kxf7
8. a3 d5 9. Bg5 Nd4 10. Bxf6 gxf6 11. c3 Nc6 12. Nd2 Be6 13. c4 dxe4 14. Nxe4 f5
15. Ng3 Nd4 16. O-O Qd6 17. Qh5+ Kg7 18. Qd1 Rd8 19. b4 Nc6 20. c5 Qxd3 21. Qc1
h6 22. Re1 Bg5 23. Qd1 Bd2 24. Re2 Bb3 25. Qb1 Bc2 26. Qa2 f4 27. Rxd2 Qxd2 28.
Nf1 Qe2 29. Qe6 Rd1 30. Rxd1 Qxd1 31. g3 Bd3 32. Qh3 Nd4 0-1

[Event "Challenge"]
[Site "http://www.queenalice.com/game.php?id=1163455"]
[Date "2013.3.21"]
[Round "-"]
[White "Clarence"]
[Black "lolo"]
[Result "0-1"]
[WhiteElo "1935"]
[BlackElo "1916"]

1. d4 Nf6 2. c4 e6 3. Bg5 h6 4. Bh4 b6 5. Nc3 Bb7 6. Nf3 Bb4 7. Qb3 Qe7 8. Rd1
O-O 9. a3 Bxc3+ 10. Qxc3 d6 11. Nd2 Nbd7 12. e4 g5 13. Bg3 Nxe4 14. Nxe4 Bxe4
15. Bd3 Bxg2 16. Rg1 Bf3 17. Be2 Bxe2 18. Kxe2 c5 19. h4 f6 20. Qd3 Kg7 21. Qf3
cxd4 22. Rxd4 e5 23. Rd2 Rac8 24. Rc1 Qe6 25. Rd5 Rc5 26. b4 Rcc8 27. Rcd1 Rfd8
28. h5 Rxc4 29. Qd3 Qg4+ 30. Kf1 Nf8 31. Rxd6 Rxd6 32. Qxd6 Qe6 33. Qb8 Qh3+ 34.
Kg1 Qxh5 35. Qb7+ Qf7 36. Qa6 Rc7 37. Qb5 Ne6 38. a4 Nd4 39. Qd3 Qd5 40. Kh2 Rc4
41. Qb1 h5 42. Kh3 Qd7+ 43. Kg2 Qc6+ 44. Kf1 Qh1# 0-1

[Event "Challenge"]
[Site "http://www.queenalice.com/game.php?id=1163456"]
[Date "2013.3.21"]
[Round "-"]
[White "lolo"]
[Black "Cuyo"]
[Result "1-0"]
[WhiteElo "1957"]
[BlackElo "1858"]

1. e4 e6 2. d4 d5 3. Nc3 Nf6 4. Bg5 h6 5. Bxf6 gxf6 6. Nf3 a6 7. e5 f5 8. Be2 b5
9. O-O c5 10. Qd2 Qb6 11. a4 b4 12. Na2 Nc6 13. c3 b3 14. Nc1 c4 15. Nh4 Be7 16.
g3 Bd7 17. Bh5 Rh7 18. Ne2 Bxh4 19. gxh4 O-O-O 20. Kh1 Rf8 21. Bf3 Qd8 22. Qf4
Ne7 23. Ng3 Ng6 24. Qc1 Qxh4 25. Nh5 Qh3 26. Be2 Nh4 27. Nf4 Qxf1+ 28. Qxf1 f6
29. Bh5 fxe5 30. dxe5 Be8 31. Bxe8 1-0

[Event "Challenge"]
[Site "http://www.queenalice.com/game.php?id=1163525"]
[Date "2013.3.22"]
[Round "-"]
[White "lolo"]
[Black "Clarence"]
[Result "0-1"]
[WhiteElo "1933"]
[BlackElo "1925"]

1. e4 e5 2. Nf3 Nc6 3. Bb5 Nf6 4. O-O Bc5 5. Nxe5 Nd4 6. Bc4 d5 7. exd5 Bd6 8.
Re1 O-O 9. c3 Nf5 10. d4 Re8 11. Bf4 a6 12. Nd2 Nd7 13. Qg4 Nf6 14. Qf3 Nh4 15.
Qd3 Bf5 16. Qg3 Nh5 17. Bg5 Nxg3 18. Bxd8 Raxd8 19. hxg3 f6 20. gxh4 Kf8 21.
Ndf3 Re7 22. Nd3 b5 23. Rxe7 Bxe7 24. Bxb5 axb5 25. Rd1 Bd6 26. b3 Ra8 27. Rd2
Bxd3 28. Rxd3 Rxa2 29. Rd2 Ra1+ 0-1

[Event "Challenge"]
[Site "http://www.queenalice.com/game.php?id=1165717"]
[Date "2013.3.28"]
[Round "-"]
[White "Kravchenko"]
[Black "lolo"]
[Result "1-0"]
[WhiteElo "1947"]
[BlackElo "1904"]

1. d4 Nf6 2. c4 e6 3. Nf3 b6 4. Nc3 Bb7 5. Ne5 d6 6. Qa4+ c6 7. Nf3 Be7 8. Bf4
O-O 9. O-O-O Nbd7 10. e4 d5 11. e5 Nh5 12. Be3 f6 13. cxd5 exd5 14. e6 Nb8 15.
g4 b5 16. Qb3 b4 17. Ne2 Ba6 18. gxh5 Qd6 19. Nf4 Bxf1 20. Rhxf1 Qc7 21. Kb1 Bd6
22. Nxd5 cxd5 23. e7 Qxe7 24. Qxd5+ Kh8 25. Qxa8 1-0

[Event "Challenge"]
[Site "http://www.queenalice.com/game.php?id=1165718"]
[Date "2013.3.28"]
[Round "-"]
[White "lolo"]
[Black "Kravchenko"]
[Result "0-1"]
[WhiteElo "1919"]
[BlackElo "1932"]

1. e4 e5 2. Nf3 Nf6 3. Nxe5 Qe7 4. d4 d6 5. Nf3 Nxe4 6. Be2 Bg4 7. O-O Nd7 8. h3
Bh5 9. Re1 O-O-O 10. c4 Re8 11. Nbd2 Ng5 12. Qb3 Qf6 13. Kf1 h6 14. a4 Rg8 15.
a5 a6 16. Qc3 c5 17. b4 Bxf3 18. Nxf3 Nxf3 19. Bxf3 Rxe1+ 20. Kxe1 cxd4 21. Qd3
d5 22. cxd5 Bxb4+ 23. Kf1 Bc3 24. Qxc3+ dxc3 0-1

[Event "Challenge"]
[Site "http://www.queenalice.com/game.php?id=1166913"]
[Date "2013.4.1"]
[Round "-"]
[White "AlekinePb"]
[Black "lolo"]
[Result "1-0"]
[WhiteElo "1922"]
[BlackElo "1950"]

1. d4 Nf6 2. c4 e6 3. Nf3 b6 4. Nc3 Bb7 5. Bg5 Be7 6. e3 O-O 7. Bd3 h6 8. Bf4 d6
9. O-O Nc6 10. e4 d5 11. e5 Nh5 12. Be3 f6 13. cxd5 exd5 14. Rc1 fxe5 15. dxe5
d4 16. Bc4+ Kh8 17. Nxd4 Qe8 18. Nd5 Bd8 19. g4 Nxd4 20. Qxd4 Bxd5 21. Qxd5 Nf4
22. Qxa8 Qxe5 23. Bxf4 Qxf4 24. Qg2 Bg5 25. Bd5 c5 26. Rc4 Qd2 27. b3 Qxa2 28.
Ra4 1-0

[Event "Challenge"]
[Site "http://www.queenalice.com/game.php?id=1168279"]
[Date "2013.4.4"]
[Round "-"]
[White "AlekinePb"]
[Black "lolo"]
[Result "1/2-1/2"]
[WhiteElo "1976"]
[BlackElo "1917"]

1. d4 Nf6 2. c4 e6 3. Nf3 b6 4. Bg5 Be7 5. Nc3 Bb7 6. e3 h6 7. Bxf6 Bxf6 8. Bd3
O-O 9. e4 Nc6 10. d5 exd5 11. cxd5 Nd4 12. Nxd4 Bxd4 13. O-O c6 14. Be2 Bxc3 15.
bxc3 Re8 16. Bf3 cxd5 17. exd5 Rc8 18. Qd4 d6 19. Rfe1 Qc7 20. Rxe8+ Rxe8 21. h3
Re5 22. Rd1 a5 23. c4 Qc5 24. Qg4 Ba6 25. Be2 b5 26. cxb5 Bxb5 27. Bxb5 Qxb5 28.
Qc8+ Kh7 29. Qc2+ g6 30. Qb3 Qc5 31. Qd3 Rf5 32. Qd2 h5 33. Kf1 Qb5+ 34. Kg1
1/2-1/2

[Event "Challenge"]
[Site "http://www.queenalice.com/game.php?id=1168847"]
[Date "2013.4.6"]
[Round "-"]
[White "AlekinePb"]
[Black "lolo"]
[Result "1-0"]
[WhiteElo "1770"]
[BlackElo "1969"]

1. d4 Nf6 2. c4 e6 3. Nc3 b6 4. Bg5 Be7 5. e4 Bb7 6. f3 h6 7. Be3 O-O 8. Bd3 Nc6
9. Nge2 Bb4 10. O-O Qe7 11. d5 Bxc3 12. dxc6 Bxc6 13. Nxc3 d5 14. cxd5 exd5 15.
Bf4 dxe4 16. Nxe4 Rad8 17. Qc2 Bb7 18. Nxf6+ Qxf6 19. Bg3 Rfe8 20. Rad1 Rc8 21.
Bf5 Rb8 22. Bh3 Ba6 23. Rfe1 Rxe1+ 24. Rxe1 Qd4+ 25. Bf2 Qd6 26. Rd1 Qe5 27. b3
Re8 28. Qf5 Qe2 29. Qd5 Qxa2 30. Bf5 Qb2 31. Bd3 Bxd3 32. Qxd3 Qe5 33. Bg3 Qe7
34. Qd7 c5 35. Qxe7 Rxe7 36. Kf2 g6 37. h4 Kg7 38. Rd6 Kh7 39. Bf4 f5 40. g4
fxg4 41. fxg4 Rg7 42. Ke3 Re7+ 43. Kd3 Rb7 44. Kc4 Rg7 45. Kb5 Rf7 46. Bd2 Re7
47. Ka6 h5 48. g5 Rf7 49. Rf6 Rd7 50. Be1 Rd1 51. Rf7+ Kg8 52. Re7 Ra1+ 53. Kb5
Rc1 54. Bd2 Rc2 55. Bf4 Ra2 56. Be5 Re2 57. Bf6 Rxe7 58. Bxe7 Kf7 59. Bf6 Ke6
60. Ka6 Kd5 61. Kxa7 c4 62. bxc4+ Kxc4 63. Kxb6 Kd5 64. Kc7 Ke4 65. Kd7 Kf5 66.
Ke7 Kg4 67. Kf7 Kxh4 68. Kxg6 Kg4 69. Be5 h4 70. Kh6 1-0

[Event "Challenge"]
[Site "http://www.queenalice.com/game.php?id=1171394"]
[Date "2013.4.13"]
[Round "-"]
[White "Vonrunstedt"]
[Black "lolo"]
[Result "0-1"]
[WhiteElo "1860"]
[BlackElo "1890"]

1. e4 c5 2. d4 cxd4 3. c3 dxc3 4. Nxc3 Nc6 5. Nf3 e6 6. Bc4 Nf6 7. O-O Qc7 8.
Bb3 Ng4 9. Qe2 Bd6 10. Nb5 Bxh2+ 11. Kh1 Qb8 12. Rd1 O-O 13. Nd6 Bxd6 14. e5 Bc5
15. Be3 Bxe3 16. fxe3 Ngxe5 17. Rac1 Nxf3 18. Qxf3 Ne5 19. Qh3 Ng6 20. Bc2 Qe5
21. Rd4 h6 22. Rf1 b6 23. Rdf4 f5 24. R4f2 Ne7 25. e4 f4 26. Qh4 Ng6 27. Qg4 Rf6
28. g3 Ba6 29. Rd1 Rc8 30. gxf4 Nxf4 31. Rxd7 Ng6 32. Rxf6 Qxf6 33. Rd2 h5 34.
Qg3 Bb7 35. Rf2 Qd4 0-1

[Event "Challenge"]
[Site "http://www.queenalice.com/game.php?id=1173396"]
[Date "2013.4.20"]
[Round "-"]
[White "lolo"]
[Black "AlekinePb"]
[Result "1-0"]
[WhiteElo "1933"]
[BlackElo "1905"]

1. e4 c6 2. d4 d5 3. Nc3 dxe4 4. Nxe4 Bf5 5. Ng3 Bg6 6. f4 e6 7. Nf3 Nf6 8. Bd3
Bxd3 9. Qxd3 Bd6 10. Bd2 Qc7 11. O-O Bxf4 12. Bxf4 Qxf4 13. Ne5 Qh4 14. Nf3 Qg4
15. Rae1 O-O 16. Ne5 Qh4 17. Nc4 Nbd7 18. Nd6 Nd5 19. Re4 Qe7 20. Ngf5 Qd8 21.
Nh6+ gxh6 22. Rg4+ Kh8 23. Nxf7+ Rxf7 24. Rxf7 N7f6 25. Rgg7 Nf4 26. Rxh7+ Kg8
27. Qg3+ 1-0